Science Quiz

Random Science or Math Quiz

Minute Math: Fill in the Blank Multiplication Quiz Stats

 Plays Quiz Updated Mar 17, 2020

Support Sporcle.
Go Orange.
Score 0/50 Timer 01:00
2 Plays Today
Question Answer % Correct
100 x __ = 1001
64.7%
5 x __ = 255
64.7%
10 x __ = 101
64.5%
2 x __ = 42
64.5%
4 x __ = 205
64.3%
8 x __ = 162
64.2%
20 x __ = 402
64%
4 x __ = 123
63.9%
12 x __ = 363
63.9%
11 x __ = 111
63.9%
6 x __ = 366
63.8%
20 x __ = 201
63.8%
7 x __ = 142
63.7%
7 x __ = 7711
63.7%
10 x __ = 505
63.6%
16 x __ = 322
63.5%
__ x 10 = 10010
63.5%
__ x 1 = 00
63.5%
__ x 6 = 6010
63.5%
1 x __ = 55
63.4%
__ x 9 = 182
63.4%
5 x __ = 306
63.4%
__ x 3 = 155
63.4%
__ x 1 = 44
63.3%
1 x __ = 88
63.3%
Question Answer % Correct
18 x __ = 362
63.2%
__ x 4 = 82
63.2%
__ x 4 = 164
63.2%
3 x __ = 248
63.2%
__ x 9 = 91
63.2%
__ x 3 = 62
63.1%
8 x __ = 648
63.1%
__ x 64 = 00
63.1%
__ x 1 = 22
63.1%
__ x 2 = 105
63.1%
20 x __ = 1005
63.1%
__ x 2 = 147
63%
__ x 9 = 819
62.9%
3 x __ = 124
62.8%
__ x 3 = 93
62.6%
__ x 4 = 246
62.5%
__ x 7 = 213
62.5%
__ x 3 = 279
62.4%
__ x 8 = 405
62.3%
__ x 7 = 497
62.3%
__ x 7 = 568
62.2%
__ x 8 = 486
62.1%
__ x 5 = 459
62%
2 x __ = 3216
61.7%
__ x 3 = 4515
59.4%

From the Vault

Nickelodeon Shows by Character

by hoosahoy87

Trivial fact of the day, Nickelodeon was originally called Pinwheel.
Remove Ads.
Support Sporcle.
Get the best of Sporcle when you Go Orange. This ad-free experience offers more features, more stats, and more fun while also helping to support Sporcle. Thank you for becoming a member.

Show Comments

Extras

Top Quizzes Today


Score Distribution

Your Account Isn't Verified!

In order to create a playlist on Sporcle, you need to verify the email address you used during registration. Go to your Sporcle Settings to finish the process.

Report this User

Report this user for behavior that violates our Community Guidelines.

Details: